000 00856cam a2200289 4500
001 20709
005 20240508152059.0
021 _aPT
_b75014/94
090 _a20709
100 _a20080101d1994 m||y0pory5003 ba
101 0 _apor
102 _aPT
105 _ay z 000ay
106 _ar
200 1 _aO homem que queria outro destino
_eromance
_fArmindo Magalhães
210 9 _aFafe
_cFundação A. Lopes de Oliveira
_d1994
215 _a155 p.
_d21 cm
606 _aLiteratura portuguesa
_xRomance
675 _a821.134.3-31
_vBN
_zpor
700 1 _aMagalhães
_bArmindo
_f1966-
801 0 _aPT
_bBESPB
_gRPC
942 _n0
_cMON